| 000 | 01297nam a22001457a 4500 | ||
|---|---|---|---|
| 999 |
_c514183 _d514183 |
||
| 008 | 201013b ||||| |||| 00| 0 eng d | ||
| 100 |
_aAnupam and Sharma, Sunil _918576 |
||
| 245 | _aMeasuring an agro-based cluster’s productivity | ||
| 260 | _aProductivity : A Quarterly Journal of The National Productivity Council | ||
| 300 | _a60(4), Jan-Mar, 2020: p.391-399 | ||
| 520 | _aThis paper endeavours to develop a framework for measuring the productivity, more popularly called ‘vibrancy’, of agro-based clusters. Clusters, being ‘complex adaptive systems’, need to be assessed through an integrated framework of not only outputs but also processes that shape clusters. The authors have attempted to operationalize the constructs of social capital, firm productivity, entrepreneurship and innovation in context of agro-based clusters. While entrepreneurship, innovation and firm productivity present the output of clusters, social capital tends to have a two-way relationship with the cluster performance. The tool presented can be useful for cluster practitioners to assess the effectiveness of their cluster development initiatives. - Reproduced | ||
| 773 | _aProductivity : A Quarterly Journal of The National Productivity Council | ||
| 906 | _aAGRICULTURE – INDIA | ||
| 942 | _cAR | ||